000 00665nam a2200193 i 4500
001 94985
003 ES-MaACL
005 20230906181615.0
007 t|
008 050519s1936 sp ||||1| spa d
100 1 _aLuengo Tapia, Manuel.
_974638
245 1 0 _aAtlas termográfico de las enfermedades infecciosas (médicas y quirúrgicas) y otras afecciones febriles /
_cpor el Dr. Manuel Luengo Tapia.
260 _aMadrid :
_bRev. Inf. Terapéutica,
_c1936.
300 _a38 p., 4 h. :
_bgrafs. ;
_c24 cm.
650 4 _aEnfermedades infecciosas-
_vAtlas.
_9163651
650 4 _aFiebre.
_9136106
852 _aES-MaACL
_j1810-F-14
852 _aES-MaACL
_j1821-F-19
999 _c94985
_d94985